Statistiken für Allgemeinwissen Teil2

Klicken Sie hier um das Quiz zu spielen!

Allgemein

  • Dieses Quiz wurde 1.663 mal gespielt
    (1.335 seit der letzten Aktualisierung)
  • Das Durchschnittsergebnis liegt bei 8 aus 15

Antwortstatistiken

HintAntwort% Korrekt
Hauptstadt von RusslandMoskau
97%
Christlicher GotteshausKirche
93%
Hauptstadt von SpanienMadrid
92%
Höchster Berg DeutschlandsZugspitze
87%
Wie lautet das 1. Element im Periodensystem?Wasserstoff
86%
Summenformel von KohlenstoffdioxidCO2
85%
11*13143
82%
Hauptstadt von Nordrhein-WestfalenDüsseldorf
73%
Wie lautet das Symbol von Stickstoff?N
64%
110011 im Dezimalsystem51
31%
Wann begann der 2. Weltkrieg01.09.1939
18%
Wofür steht die Abkürzung SSD?Solid State Drive
17%
Wofür steht die Abkürzung RAM?Random Access Memory
16%
Wie lauten die ersten 3 führende Ziffern von der magnetischen Feldkonstante? (Größen Ordnung 10^-6 V*s/(A*m))1,25
3%
Wie lauten die ersten 6 führende Ziffern von e?2,71828
3%

Verteilung der Resultate

Perzentil nach korrekt beantworteten Fragen

Anzahl Personen mit jedem Resultat

Ihre Resultats-Entwicklung

Sie haben dieses Quiz seit der letzten Aktualisierung nicht gespielt